[Event "Valentin's"]
[Site "http://www.queenalice.com/game.php?id=169064"]
[Date "2007.2.15"]
[Round "-"]
[White "mrGAD"]
[Black "sancdb"]
[Result "0-1"]
[WhiteElo "1291"]
[BlackElo "1294"]

1. e4 e5 2. h4 Nf6 3. d3 d5 4. Nc3 d4 5. Nd5 Nxd5 6. exd5 Qxd5 7. c4 Qc5 8. a3
Be7 9. b4 Qd6 10. g4 Na6 11. Bg2 Qg6 12. h5 Qf6 13. Qa4+ c6 14. Bxc6+ bxc6 15.
b5 Nc5 16. g5 Nxd3+ 17. Ke2 Qxf2+ 18. Kxd3 Bf5# 0-1

[Event "Challenge"]
[Site "http://www.queenalice.com/game.php?id=185063"]
[Date "2007.3.20"]
[Round "-"]
[White "sancdb"]
[Black "jojo2017"]
[Result "0-1"]
[WhiteElo "1291"]
[BlackElo "1718"]

1. e4 e5 2. Nf3 Bd6 3. Bd3 Nf6 4. b3 Ng4 5. h3 Nh6 6. Bb2 Qf6 7. Qe2 Qg6 8. Rg1
Bc5 9. Bxe5 d6 10. Bd4 Nd7 11. Nc3 O-O 12. Nd5 Kh8 13. Ne7 Qe6 14. Nf5 Bxd4 15.
N3xd4 Qf6 16. O-O-O Nxf5 17. c3 Nxd4 18. cxd4 Qxd4 19. g4 Qa1+ 20. Bb1 Nc5 21.
Kc2 b6 22. d4 Ba6 23. Qf3 Ne6 24. d5 Nd4+ 25. Rxd4 Qxd4 26. Rd1 Qc5+ 27. Kb2 Qb4
28. h4 f5 29. exf5 Rae8 0-1

[Event "RSXRJ"]
[Site "http://www.queenalice.com/game.php?id=192223"]
[Date "2007.4.5"]
[Round "-"]
[White "sancdb"]
[Black "fernandosoares"]
[Result "0-1"]
[WhiteElo "1251"]
[BlackElo "1318"]

1. e4 e6 2. Bc4 Qh4 3. Nf3 Qxe4+ 4. Be2 d5 5. Nc3 Qh4 6. Nxh4 c6 7. O-O Be7 8.
g3 Na6 9. d4 Nb4 10. a3 Na6 11. f4 Nf6 12. f5 exf5 13. Nxf5 Ne4 14. b4 Bxf5 15.
Rxf5 O-O 16. Qd3 Nf6 17. Bg5 Rae8 18. b5 cxb5 19. Nxb5 g6 0-1

[Event "Sandra X Dany"]
[Site "http://www.queenalice.com/game.php?id=192224"]
[Date "2007.4.5"]
[Round "-"]
[White "sancdb"]
[Black "dany"]
[Result "1-0"]
[WhiteElo "1255"]
[BlackElo "1188"]

1. e4 d5 2. Nc3 c6 3. d4 Nf6 4. Bd3 Bg4 5. f3 dxe4 6. Nxe4 Bh5 7. g4 Bg6 8. Nh3
Qxd4 9. g5 Nd5 10. Qd2 Qe3+ 11. Kf1 Qxf3+ 12. Nhf2 f5 13. Nc5 b6 14. Ne6 Qg2+
15. Kxg2 h5 16. Re1 Nd7 17. Nc7+ Nxc7 18. b4 a5 19. Bb2 e6 20. Rad1 h4 21. h3
Bxb4 22. c3 Bc5 23. c4 O-O 24. Qf4 b5 25. Qxc7 Bb4 26. Rxe6 Be8 27. Rxe8 Ne5 28.
Qxe5 Raxe8 29. Qxg7# 1-0

[Event "Minerinha  X Gaúcha"]
[Site "http://www.queenalice.com/game.php?id=192225"]
[Date "2007.4.5"]
[Round "-"]
[White "blauwmeisje"]
[Black "sancdb"]
[Result "0-1"]
[WhiteElo "1158"]
[BlackElo "1262"]

1. f4 e6 2. Nf3 Bc5 3. b4 Bxb4 4. Bb2 Nf6 5. Bxf6 Qxf6 6. e4 Qxa1 7. c3 Bc5 8.
g4 Qxa2 9. Ne5 b6 10. Bg2 Ba6 11. g5 g6 0-1

[Event "AUTO-BEG-97"]
[Site "http://www.queenalice.com/game.php?id=206177"]
[Date "2007.5.4"]
[Round "1"]
[White "sancdb"]
[Black "J_Moura"]
[Result "0-1"]
[WhiteElo "1229"]
[BlackElo "1690"]

1. e4 e6 2. Bc4 d5 3. exd5 exd5 4. Bd3 Nf6 5. Nc3 Be6 6. Nge2 Bd6 7. O-O O-O 8.
Nd4 Re8 9. Be2 Nbd7 10. d3 c6 11. Nxe6 fxe6 12. d4 e5 13. Be3 Qc7 14. a4 exd4
15. Bxd4 Bxh2+ 16. Kh1 Be5 17. f4 Bxf4 18. g4 Re7 19. b4 a6 20. Rf3 Nxg4 21. Rh3
Ndf6 22. Bxg4 Rae8 23. Qf3 Re1+ 0-1

[Event "AUTO-BEG-97"]
[Site "http://www.queenalice.com/game.php?id=206178"]
[Date "2007.5.4"]
[Round "1"]
[White "J_Moura"]
[Black "sancdb"]
[Result "1-0"]
[WhiteElo "1692"]
[BlackElo "1227"]

1. d4 e6 2. e4 Nf6 3. Bd3 Nc6 4. Nf3 Bd6 5. e5 Bb4+ 6. c3 Be7 7. exf6 Bxf6 8.
Nbd2 d5 9. O-O O-O 10. Qc2 Bd7 11. Bxh7+ Kh8 12. Nb3 g5 13. Nc5 Be8 14. Nxb7 Qb8
15. Nc5 Qd8 16. b4 Rb8 17. a4 g4 18. Ne1 Nxd4 19. cxd4 Bxd4 20. Ra3 Rxb4 21. Bd3
Qf6 22. Be3 Rb2 23. Bxd4 Qxd4 24. Qc3 Qg7 25. Qxg7+ Kxg7 26. Nc2 1-0

[Event "AUTO-BEG-97"]
[Site "http://www.queenalice.com/game.php?id=206181"]
[Date "2007.5.4"]
[Round "1"]
[White "sancdb"]
[Black "allynne_12"]
[Result "0-1"]
[WhiteElo "1256"]
[BlackElo "1770"]

1. e4 e5 2. Nf3 d6 3. Nc3 c6 4. Bc4 h6 5. h4 Nf6 6. Qe2 a5 7. O-O Be7 8. a4 O-O
9. d3 Nh7 10. Rd1 Bxh4 11. g3 Bg5 12. Nxg5 Nxg5 13. g4 Qf6 14. Rf1 Nf3+ 15. Kh1
Qh4+ 16. Kg2 Qh2+ 17. Kxf3 Qh3# 0-1

[Event "AUTO-BEG-97"]
[Site "http://www.queenalice.com/game.php?id=206182"]
[Date "2007.5.4"]
[Round "1"]
[White "allynne_12"]
[Black "sancdb"]
[Result "1-0"]
[WhiteElo "1753"]
[BlackElo "1258"]

1. e4 e5 2. Nf3 d6 3. h3 Be6 4. d4 Bd7 5. dxe5 Be7 6. Bf4 Bc6 7. exd6 cxd6 8.
Bd3 Nf6 9. Nbd2 O-O 10. O-O Nbd7 11. c3 Nh5 12. Bh2 Nc5 13. Bc2 b5 14. Nd4 Bd7
15. Qxh5 Rc8 16. e5 d5 17. Qxh7# 1-0

[Event "Challenge"]
[Site "http://www.queenalice.com/game.php?id=214661"]
[Date "2007.5.22"]
[Round "-"]
[White "ederdionatan"]
[Black "sancdb"]
[Result "1-0"]
[WhiteElo "1323"]
[BlackElo "1209"]

1. e4 e5 2. Nf3 Nc6 3. d4 exd4 4. Nxd4 Bc5 5. Nf3 Nf6 6. Bg5 O-O 7. e5 Qe7 8.
Bb5 h6 9. O-O Nxe5 10. Nxe5 Qxe5 11. Qd2 hxg5 12. Bd3 d5 13. Qe1 Qxb2 14. Qc3
Bd4 15. Qxd4 Qxd4 16. Nc3 Qxc3 17. Rad1 Bg4 18. f3 Qd4+ 19. Kh1 1-0

[Event "AUTO-BEG-103"]
[Site "http://www.queenalice.com/game.php?id=215884"]
[Date "2007.5.24"]
[Round "1"]
[White "dghost"]
[Black "sancdb"]
[Result "1-0"]
[WhiteElo "1375"]
[BlackElo "1262"]

1. e4 e5 2. Nf3 d6 3. h3 Nf6 4. Nc3 Be6 5. Be2 Be7 6. O-O O-O 7. b3 Nc6 8. Bb5
Nd4 9. d3 c6 10. Bc4 Qa5 11. Bd2 b5 12. Bxe6 fxe6 13. Ne2 1-0

[Event "AUTO-BEG-103"]
[Site "http://www.queenalice.com/game.php?id=215885"]
[Date "2007.5.24"]
[Round "1"]
[White "sancdb"]
[Black "dghost"]
[Result "0-1"]
[WhiteElo "1274"]
[BlackElo "1363"]

1. e4 e5 2. Nf3 Nc6 3. Nc3 Nf6 4. d3 h6 5. Be3 Bb4 6. a3 Bxc3+ 7. bxc3 O-O 8.
Be2 d6 9. O-O Bg4 10. h3 Bh5 11. Rb1 b6 12. c4 a5 13. g4 Bg6 0-1

[Event "AUTO-BEG-103"]
[Site "http://www.queenalice.com/game.php?id=215894"]
[Date "2007.5.24"]
[Round "1"]
[White "sephiroth"]
[Black "sancdb"]
[Result "1-0"]
[WhiteElo "1324"]
[BlackElo "1254"]

1. e4 e5 2. b3 Nf6 3. Bc4 Bc5 4. d3 O-O 5. Nf3 d6 6. Ng5 Ng4 7. h3 Nxf2 8. Kd2
Nxd1 9. Kxd1 Bb4 10. a3 Bc5 11. b4 Bd4 12. Nxf7 Rxf7 13. Bxf7+ Kxf7 14. Rf1+ Kg8
15. c3 Bb6 16. a4 Nc6 17. Ra2 Be6 18. Raf2 Bxf2 19. Rxf2 Bb3+ 20. Ke1 1-0

[Event "AUTO-BEG-103"]
[Site "http://www.queenalice.com/game.php?id=215895"]
[Date "2007.5.24"]
[Round "1"]
[White "sancdb"]
[Black "sephiroth"]
[Result "0-1"]
[WhiteElo "1241"]
[BlackElo "1337"]

1. d4 c6 2. e3 d5 3. Bd3 Nf6 4. Nc3 Bg4 5. f3 Bh5 6. g4 Bg6 7. g5 Bxd3 8. Qxd3
Nh5 9. Nh3 e6 10. Bd2 Be7 11. O-O-O O-O 12. Rhg1 Bd6 13. g6 fxg6 14. Ng5 Bxh2
15. Rg2 Bg3 16. Nxe6 Qh4 17. Nxf8 Kxf8 18. Ne2 Qh3 19. Bb4+ Kf7 0-1